[Event "GER-ch U25-B"]
[Site "Willingen"]
[Date "2023.06.01"]
[Round "7"]
[White "Bergmann, Lennart"]
[Black "Mainka, Ingmar"]
[Result "1/2-1/2"]
[WhiteElo "1515"]
[BlackElo "1546"]
[PlyCount "64"]
[EventDate "2023.05.27"]
[EventType "swiss"]
[EventRounds "9"]
[EventCountry "GER"]
[SourceTitle "CBM 214 Extra"]
[Source "ChessBase"]
[SourceDate "2023.07.31"]
[SourceVersion "1"]
[SourceVersionDate "2023.07.31"]
[SourceQuality "1"]

1. d3 g6 2. Nf3 Bg7 3. g3 Nf6 4. e4 d6 5. Bg2 c5 6. c3 Nc6 7. 0-0 0-0 8. Na3 a6 9. Nc4 b5 10. Ne3 Bb7 11. Ng5 e6 12. f4 d5 13. e5 Nd7 14. Qg4 Ncxe5 15. fxe5 Nxe5 16. Nxf7 Rxf7 17. Qxe6 Qd7 18. Qxd7 Rxd7 19. Bh3 Re7 20. Ng4 Nxg4 21. Bxg4 d4 22. Bg5 Ree8 23. Bf6 Re3 24. cxd4 cxd4 25. Rac1 Bxf6 26. Rxf6 Rae8 27. Rc7 Bd5 28. Rd7 Re1+ 29. Kf2 R1e5 30. Rxd5 Rxd5 31. Be6+ Rxe6 32. Rxe6 a5 1/2-1/2

[Event "GER-chT U16"]
[Site "Kiel"]
[Date "2022.07.23"]
[Round "1.4"]
[White "Frank, Marek"]
[Black "Mainka, Ingmar"]
[Result "0-1"]
[WhiteElo "1551"]
[BlackElo "1432"]
[PlyCount "84"]
[EventDate "2022.07.22"]
[EventType "team-swiss"]
[EventRounds "7"]
[EventCountry "GER"]
[SourceTitle "CBM 209 Extra"]
[Source "ChessBase"]
[SourceDate "2022.09.30"]
[SourceVersion "1"]
[SourceVersionDate "2022.09.30"]
[SourceQuality "1"]
[WhiteTeam "Gera"]
[BlackTeam "Eilendorf Arminia"]
[WhiteTeamCountry "GER"]
[BlackTeamCountry "GER"]

1. e4 c5 2. Nf3 Nc6 3. d4 cxd4 4. Nxd4 g6 5. Be3 Bg7 6. c4 Nf6 7. Nc3 0-0 8. Be2 d6 9. h3 Nxd4 10. Bxd4 Be6 11. 0-0 a6 12. f4 Rc8 13. b3 Qa5 14. Nd5 Nxd5 15. exd5 Bxd4+ 16. Qxd4 Bd7 17. Kh1 b5 18. Bd3 bxc4 19. bxc4 e6 20. Rf3 exd5 21. cxd5 Qc3 22. Qxc3 Rxc3 23. Bxa6 Rxf3 24. gxf3 Ra8 25. Bb7 Ra3 26. Kg2 Bb5 27. Re1 Rxa2+ 28. Kg3 Kf8 29. Rb1 Bc4 30. Rb6 Ke7 31. Bc6 Bf1 32. Rb7+ Kf8 33. Rb1 Rg2+ 34. Kh4 Be2 35. Rb8+ Kg7 36. Rb3 h6 37. Re3 Bd1 38. Bb5 Kf6 39. Bd3 g5+ 40. fxg5+ hxg5+ 41. Kh5 Rg3 42. Be4 Ba4 0-1

[Event "GER-ch U14"]
[Site "Willingen"]
[Date "2022.06.08"]
[Round "5"]
[White "Mainka, Ingmar"]
[Black "Vihan, Shourya"]
[Result "1/2-1/2"]
[WhiteElo "1427"]
[BlackElo "1385"]
[PlyCount "90"]
[EventDate "2022.06.04"]
[EventType "swiss"]
[EventRounds "9"]
[EventCountry "GER"]
[SourceTitle "CBM 208 Extra"]
[Source "ChessBase"]
[SourceDate "2022.07.31"]
[SourceVersion "1"]
[SourceVersionDate "2022.07.31"]
[SourceQuality "1"]

1. e4 c6 2. Nc3 d5 3. Nf3 dxe4 4. Nxe4 Nf6 5. Qe2 Nxe4 6. Qxe4 Nd7 7. Bc4 Nf6 8. Ne5 e6 9. Qe2 Be7 10. c3 0-0 11. d4 Nd5 12. 0-0 Qc7 13. Bd3 c5 14. Nf3 b6 15. Ng5 Nf6 16. dxc5 bxc5 17. c4 Bb7 18. Re1 Rae8 19. Bd2 Bd6 20. h3 e5 21. Bc3 h6 22. Ne4 Nxe4 23. Bxe4 Bxe4 24. Qxe4 f6 25. Rad1 Rd8 26. Qc2 Qb7 27. Ba5 Bc7 28. Bxc7 Qxc7 29. Rxd8 Rxd8 30. Rd1 Rd4 31. b3 Qd6 32. Rxd4 exd4 33. Qd3 Qe5 34. Qf3 Qe1+ 35. Kh2 Qe5+ 36. Kg1 Qe1+ 37. Kh2 Qb1 38. Qd5+ Kh8 39. Qxc5 Qe4 40. Qc8+ Kh7 41. Qd7 d3 42. c5 Qf4+ 43. Kg1 Qc1+ 44. Kh2 Qf4+ 45. Kg1 Qc1+ 1/2-1/2

[Event "NED-ch U12 op"]
[Site "Borne"]
[Date "2019.08.05"]
[Round "1"]
[White "Mainka, Ingmar"]
[Black "Sigida, Ilya"]
[Result "1-0"]
[WhiteElo "1287"]
[BlackElo "533"]
[PlyCount "49"]
[EventDate "2019.08.05"]
[EventType "swiss"]
[EventRounds "13"]
[EventCountry "NED"]
[SourceTitle "EXT 2020"]
[Source "ChessBase"]
[SourceDate "2019.10.17"]
[SourceVersion "1"]
[SourceVersionDate "2019.10.17"]
[SourceQuality "1"]

1. e4 e5 2. Nf3 Nc6 3. d4 exd4 4. Nxd4 Nxd4 5. Qxd4 Nf6 6. e5 Qe7 7. Be2 c5 8. exf6 gxf6 9. Qe3 Qxe3 10. Bxe3 b6 11. Bf3 Rb8 12. 0-0 Bb7 13. Bf4 Rg8 14. Bxb8 Bxf3 15. Bg3 Bb7 16. Nc3 Bd6 17. Rad1 Bxg3 18. fxg3 h5 19. Nd5 Rg5 20. Nxf6+ Kf8 21. Nh7+ Kg7 22. Nxg5 f6 23. Rxd7+ Kg6 24. Nh7 Be4 25. Rxf6# 1-0

[Event "GER-chT U12"]
[Site "Magdeburg"]
[Date "2018.12.28"]
[Round "4.1"]
[White "Fischer, Darja"]
[Black "Mainka, Ingmar"]
[Result "0-1"]
[WhiteElo "1442"]
[BlackElo "1190"]
[PlyCount "138"]
[EventDate "2018.12.27"]
[EventType "team-swiss"]
[EventRounds "7"]
[EventCountry "GER"]
[SourceTitle "CBM 188 Extra"]
[Source "ChessBase"]
[SourceDate "2019.02.26"]
[SourceVersion "1"]
[SourceVersionDate "2019.02.26"]
[SourceQuality "1"]
[WhiteTeam "Karlsruhe SF"]
[BlackTeam "Eilendorf Arminia"]
[WhiteTeamCountry "GER"]
[BlackTeamCountry "GER"]

1. e4 e5 2. Nf3 Nf6 3. Nxe5 d6 4. Nf3 Nxe4 5. d3 Nf6 6. Be2 Be7 7. 0-0 0-0 8. Nc3 Nc6 9. Bg5 Be6 10. Re1 Qd7 11. Qd2 Rfe8 12. Rad1 Rad8 13. h3 d5 14. d4 Bf5 15. Bb5 Ne4 16. Nxe4 Bxe4 17. Ne5 Bxg5 18. Qxg5 Qd6 19. Qd2 a6 20. Nxc6 bxc6 21. Bxa6 Qg6 22. Bf1 Bxc2 23. Rxe8+ Rxe8 24. Rc1 Bf5 25. Qc3 Bd7 26. Qc2 Qxc2 27. Rxc2 Re1 28. Re2 Rxe2 29. Bxe2 Kf8 30. Kf1 Ke7 31. Ke1 Kd6 32. Kd2 c5 33. Kc3 cxd4+ 34. Kxd4 c5+ 35. Kd3 Bb5+ 36. Kd2 c4 37. Kc3 Kc5 38. a3 d4+ 39. Kd2 c3+ 40. bxc3 dxc3+ 41. Kxc3 Bxe2 42. g3 Kb5 43. Kd4 Ka4 44. Ke5 Kxa3 45. f4 Kb4 46. g4 Kc4 47. g5 Kd3 48. f5 Ke3 49. g6 hxg6 50. fxg6 fxg6 51. Ke6 Kf4 52. Kf7 Bd3 53. Kxg7 Kg3 54. Kh6 Kxh3 55. Kg5 Kg3 56. Kf6 Kf4 57. Ke6 g5 58. Kd5 g4 59. Kd4 Be2 60. Kc3 g3 61. Kd2 g2 62. Kxe2 g1Q 63. Kd3 Qc5 64. Ke2 Qe3+ 65. Kd1 Qf2 66. Kc1 Qa2 67. Kd1 Ke3 68. Kc1 Kd3 69. Kd1 Qd2# 0-1

[Event "GER-chT U12"]
[Site "Magdeburg"]
[Date "2018.12.27"]
[Round "1.1"]
[White "Kageler, Anton Paul"]
[Black "Mainka, Ingmar"]
[Result "1-0"]
[WhiteElo "1480"]
[BlackElo "1190"]
[PlyCount "99"]
[EventDate "2018.12.27"]
[EventType "team-swiss"]
[EventRounds "7"]
[EventCountry "GER"]
[SourceTitle "CBM 188 Extra"]
[Source "ChessBase"]
[SourceDate "2019.02.26"]
[SourceVersion "1"]
[SourceVersionDate "2019.02.26"]
[SourceQuality "1"]
[WhiteTeam "Halle Roter Turm"]
[BlackTeam "Eilendorf Arminia"]
[WhiteTeamCountry "GER"]
[BlackTeamCountry "GER"]

1. e4 e5 2. Nf3 Nc6 3. Nc3 Nf6 4. Bc4 Nxe4 5. Bxf7+ Kxf7 6. Nxe4 d5 7. Ng3 e4 8. Ng1 Bc5 9. N1e2 Rf8 10. 0-0 Kg8 11. d4 Bb6 12. Be3 Bg4 13. h3 Bxe2 14. Nxe2 Qf6 15. c3 Rae8 16. Nf4 Ne7 17. Qb3 c6 18. c4 Bxd4 19. cxd5 Kh8 20. Bxd4 Qxf4 21. Qxb7 cxd5 22. Bc5 Qf6 23. Qxa7 Rf7 24. Qa4 Rc8 25. Bd4 Qf5 26. Rac1 Rxc1 27. Rxc1 h6 28. b4 Qf4 29. Be3 Qf6 30. b5 Qb2 31. Qb3 Qxb3 32. axb3 Nf5 33. b6 Nxe3 34. fxe3 Rb7 35. Rc6 Kg8 36. b4 Kf8 37. b5 Ke8 38. Kf2 Kd7 39. Ke2 Rb8 40. Kd2 Rc8 41. Rxc8 Kxc8 42. Kc3 Kb7 43. Kd4 Kxb6 44. Kxd5 Kxb5 45. Kxe4 Kc6 46. Kf5 Kd7 47. Kg6 Ke6 48. Kxg7 Kf5 49. Kxh6 Ke4 50. g4 1-0